000 00253nam a2200109Ia 4500
008 190216s9999||||xx |||||||||||||| ||und||
100 _aNorman Teffars A
245 0 _aW B Yeat The Poems
260 _bEdward Arnold Ltd
650 _aEnglish
942 _cBK
999 _c12406
_d12406